00770nam a2200157Ia 4500008004100000100002400041245015600065245014900221260005300370260000900423300001200432650001500444856006100459999001900520952007300539170221s9999 xx 000 0 und d aIskandar S. Kobersy aApproaches to Implementation of Motivation as the Complex Conditions of Increase of Efficiency of Social and Labor Relations: International Experience  cIskandar S. Kobersy, Leyla G. Khasiyeva, Viktoria D. Yakhina, Olga V. Ignatyeva, Ludmila V. Goloshchapova, Dmitry V. Shkurkin, Liana R. Sadykova bInternational Review of Management and Marketing c2016 a15 : 14 xMarketing. uhttp://www.econjournals.com/index.php/irmm/issue/view/70 c311915d311915 001040aCLbCLd2017-02-21l0r2017-02-21 00:00:00w2017-02-21yFOJ